O marujinho que perdeu o norte (Registo nº 28702)

Detalhes MARC
000 -Etiqueta do registo
Valores 00667c a2200253 4500
090 ## -
-- 28702
095 ## -
-- PTBN00066014
100 ## - Dados gerais de processamento
Dados gerais 20071106d1976 a y0pory5003 ba
101 0# - Língua de publicação
-- por
102 ## - País de publicação
-- PT
200 1# - Titulo e menção de responsabilidade
Título próprio O marujinho que perdeu o norte
Informação de outro título e outras histórias
Primeira menção de responsabilidade Maria Isabel de Mendonça Soares
205 ## - Menção da edição
Edição 2a ed
210 ## - Publicação
Local de publicação Lisboa
Nome do editor ática,
Data de publicação imp. 1976
215 ## - Descrição física 
Paginação / Volumes 38, [1] p.
Outras indicações físicas il.
Dimensões 24 cm
225 2# - Colecção 
Título próprio da colecção Infantil
675 ## - CDU
Notação 087.5
Edição med
Língua por
700 #1 - Autor principal (pessoa individual)
Apelido Soares,
Nome Maria Isabel de Mendonça,
Datas 1922-
801 #0 - Fonte de origem
País PT
Agência BN
Regras de catalogação RPC
930 ## -
-- BECRE/V
930 ## -
-- BECRE/A
998 ## -
-- CR149 - 00017
990 ## - Elementos KOHA
Tipo de documento Livro
995 ## - Localização e informação dos exemplares
-- 18
995 ## - Localização e informação dos exemplares
-- 18
995 ## - Localização e informação dos exemplares
-- 18
Exemplares
Situação do levantamento Estado Biblioteca de origem Biblioteca de empréstimo Código de barras Cota Permissão de empréstimo Tipo de documento
  Completo Biblioteca da Escola Básica de Aguiar Biblioteca da Escola Básica de Aguiar 318BA 087.5 SOA Disponível Livro
  Completo Biblioteca do Centro Escolar de Viana do Alentejo Biblioteca do Centro Escolar de Viana do Alentejo 1323BV 087.5 SOA Disponível Livro
  Completo Biblioteca do Centro Escolar de Viana do Alentejo Biblioteca do Centro Escolar de Viana do Alentejo 1324BV 087.5 SOA Disponível Livro




Powered by Koha